书目信息 |
| 题名: |
提高农村人口素质的公共财政政策研究
|
|
| 作者: | 刘慧林 | |
| 分册: | ||
| 出版信息: | 哈尔滨 黑龙江人民出版社 2017 |
|
| 页数: | 335页 | |
| 开本: | 26cm | |
| 丛书名: | ||
| 单 册: | ||
| 中图分类: | F812.0 | |
| 科图分类: | ||
| 主题词: | ||
| 电子资源: | ||
| ISBN: | 978-7-207-11207-1 | |
| 000 | 00577nam0 2200169 450 | |
| 001 | 1950969469 | |
| 005 | 20191225143202.22 | |
| 010 | @a978-7-207-11207-1@dCNY63.00 | |
| 100 | @a20191225d km y0chiy0120 ea | |
| 101 | 0 | @achi |
| 200 | 1 | @a提高农村人口素质的公共财政政策研究@Ati gao nong cun ren kou su zhi de gong gong cai zheng zheng ce yan jiu@f刘慧林@Fliu hui lin |
| 210 | @a哈尔滨@c黑龙江人民出版社@d2017 | |
| 215 | @a335页@d26cm | |
| 690 | @aF812.0@v4 | |
| 701 | 0 | @a刘慧林@Aliu hui lin |
| 801 | 0 | @aCN@b大连网信软件有限公司图书馆·11@c20191225 |
| 905 | @b1055225@dF812.0@e89@f1 | |
| 提高农村人口素质的公共财政政策研究/刘慧林.-哈尔滨:黑龙江人民出版社,2017 |
| 335页;26cm |
| ISBN 978-7-207-11207-1:CNY63.00 |
| ● |
| 相关链接 |
|
|
|
|
正题名:提高农村人口素质的公共财政政策研究
索取号:F812.0/89
 
预约/预借
| 序号 | 登录号 | 条形码 | 馆藏地/架位号 | 状态 | 备注 |
| 1 | 1055225 | 210552258 | 第一样本阅览室/ [索取号:F812.0/89] | 在馆 |